| 000 | 01696cam a22003618i 4500 | ||
|---|---|---|---|
| 001 | 21177770 | ||
| 003 | NUST | ||
| 005 | 20220819121925.0 | ||
| 008 | 190829s2020 flu b 001 0 eng | ||
| 010 | _a 2019037689 | ||
| 020 |
_a9780367023478 _q(hardback) |
||
| 020 |
_z9780429399596 _q(ebook) |
||
| 040 |
_aDLC _beng _erda _cDLC |
||
| 042 | _apcc | ||
| 050 | 0 | 0 |
_aTK2960 _b.W55 2020 |
| 082 | 0 | 0 |
_a621.31244, WIL _223 |
| 100 | 1 |
_aWilson, Denise _c(Electrical engineering professor), _eauthor. _998259 |
|
| 245 | 1 | 0 |
_aWearable solar cell systems / _cby Denise Wilson. |
| 250 | _aFirst edition. | ||
| 263 | _a1912 | ||
| 264 | 1 |
_aBoca Raton, FL : _bCRC Press/Taylor & Francis Group _c[2020] |
|
| 300 | _axvii, 144: pages cm | ||
| 336 |
_atext _btxt _2rdacontent |
||
| 337 |
_aunmediated _bn _2rdamedia |
||
| 338 |
_avolume _bnc _2rdacarrier |
||
| 505 | _aChapter 1: The Power of Light (Page-1), Chapter 2: Fundamentals (Page-13),Chapter 3: First Generation Solar Cells (Page-33),Chapter 4: Second Generation Solar Cells (Page-45),Chapter 5: Third Generation Solar Cells (Page-55),Chapter 6: Arrays of PV Cells (Page-73),Chapter 7: Energy Storage (Page-85),Chapter 8: Wearable and Portable Technology (Page-105),Chapter 9: Wearable Solar Systems (Page-125). | ||
| 650 | 0 |
_aSolar cells. _998260 |
|
| 650 | 0 |
_aWearable technology _xPower supply. _998261 |
|
| 776 | 0 | 8 |
_iOnline version: _aWilson, Denise, _tWearable solar cell systems _bFirst edition. _dBoca Raton, FL : CRC Press/Taylor & Francis Group [2020] _z9780429399596 _w(DLC) 2019037690 |
| 906 |
_a7 _bcbc _corignew _d1 _eecip _f20 _gy-gencatlg |
||
| 942 |
_2ddc _cBK |
||
| 999 |
_c591245 _d591245 |
||